000 00552nam a2200181Ia 4500
005 20250508150816.0
008 008 250505s9999 xx 000 0 eng d
037 _aBooks to be hide in OPAC
040 _aFEDL
_beng
_cFEDL
041 _aeng
_2eng
084 _a016.001 4, AME/O
_qFEDL
245 0 _aEducational research
245 0 _cAmerican Council on Education Studies
260 _aWashington, USA
_bAmerican Council on Education
_c1939
300 _avii,189p.
942 _cHB
_h016.001 4, AME/O
999 _c1325790
_d1325790